000 00754nam a2200205 a 4500
003 0
005 20250421094541.0
008 090806s19uu xx 00 eng d
050 _aPGS LB 3051
_b.T665 2003
100 _aTong, Christopher L.
245 _aLessons preparedness / participation of grade six students of Southville International School and Colleges /
_cChristopher L. Tong.
260 _aLas PiƱas City, Philippines :
_bSouthville International School and Colleges,
_c2003.
300 _aUnpaged :
_billustrations ;
_c28 cm.
504 _aIncludes bibliographic references.
650 _aStudy skills.
650 _aClassroom participation.
650 _aStudent preparedness.
650 _aStudent engagement.
942 _2lcc
_cPASS
999 _c96928
_d96928